00886cam a22003015i 45000010009000000050017000090080041000260100017000670200018000840200015001020200018001170250026001350350024001610350022001850410008002070420021002150820015002361000022002512450068002732600032003412640036003733000023004093360026004323370028004583380027004866500045005137000026005582374520120250404121048.0240424s2024 ii ||| 0 eng d a 2024357081 a9789356403536 a9356403538 z9789356403529 aI-E-2024357081; 80-90 a(OCoLC)on1431883110 a(OCoLC)1431883110 aeng alccopycatalcode a248.86 GOP aGopalakrishnan, R00aEmbrace The Future: The Soft Science of Business Transformation aNew DelhibBloomsburyc2024 1aNew Delhi :bBloomsbury,c2024. a247 pages ;c23 cm atextbtxt2rdacontent aunmediatedbn2rdamedia avolumebnc2rdacarrier aConsolation; Suffering-Religious Aspects aBhattacharyya, Hrishi